15 country's in africa - Statistiques

Statistiques générales
  • Ce quiz a été pris 79 fois
  • Le résultat moyen est 2 sur 15
Réponses sur la Carte
Les réponses sont colorées sur une échelle allant du rouge au vert en fonction du pourcentage des utilisateurs qui les ont devinées à leur premier essai. Vous pouvez retrouver ces pourcentages ci-dessous.
 
Statistiques - réponses
Réponse % Correct
algeria
97%
angola
20%
botswana
15%
congo
13%
morocco
13%
lesotho
10%
nigeria
7%
eswatini
5%
rwanda
5%
guinea
3%
mali
3%
soudan
3%
south africa
2%
tunisia
2%
kenya
0%
Aucun quiz correspondant
Distribution des résultats
% des personnes avec chaque résultat
Percentile par nombre de réponses
Votre historique - résultats
Vous n’avez pas pris ce quiz